France Logo Quiz #4 - Statistics

General Stats
  • This quiz has been taken 22 times
  • The average score is 9 of 20
Answer Stats
Picture Answer % Correct
Babybel
100%
Paris Saint-Germain
80%
Actimel
65%
Marseille FC
65%
Olympique Lyonnais
65%
Intermarché
60%
Société Nationale des Chemins de fer Français
60%
Crédit Agricole
55%
La Poste
55%
TF1
55%
Dom Pérignon
50%
Engie
45%
Societe Generale
45%
Bouygues Telecom
35%
Aixam
25%
Vinci
15%
Capgemini
10%
Sanofi
10%
Dassault Systems
5%
Veuve Clicquot
5%
No matching quizzes found
Score Distribution
Percent of People with Each Score
Percentile by Number Answered
Your Score History
You have not taken this quiz